000 00359nam a2200133Ia 4500
005 20260328104340.0
008 260328s9999||||xx |||||||||||||| ||und||
100 _aCarrascal, Fernando
245 0 _aEl Nadador de Cap-Martin y otros cuentos de Arquitectura /
_cFernando Carrascal
260 _bFQ
300 _a253 p.
650 _aARQUITECTOS
942 _cBK
999 _c12065
_d12065